Country Quiz: Sierra Leone 🇸🇱 - Statistics

General Stats
  • This quiz has been taken 11 times
  • The average score is 10 of 25
Answer Stats
Hint Answer % Correct
Time zones 1 (UTC 0)
100%
Bordering Oceans Atlantic ocean
86%
Language English
86%
Main Religion Islam
86%
State-Condition Republic
86%
Independence 1961
71%
Capital Freetown
71%
Climate Tropical
71%
Between 2013-2016, Sierra Leone was one of the countries that went through a severe outbreak of this highly deadly virus Ebola
57%
National Sport Football
57%
The name "Sierra Leone", means _____ Mountains, due to the explorer's amazed reactions to all the mountains he witnessed along Africa's western coastline Lion
57%
Sierra Leone is one of the countries where the famous term _____ diamond comes from, where diamonds are used to fund conflicts, and a Hollywood with Leonardo Dicaprio, set in Sierra Leone depicted this Blood Diamond
43%
Second-Largest City Bo
43%
Currency Leone
43%
Type of Government Presidential / Unitary
29%
Nationality Sierra Leonean
29%
Sierra Leone has been one of the most affected countries in modern history of this type of deposing of ones government Military Coups
14%
Most Famous Leader (1967-85) Siaka Stevens
14%
Following defeat in this revolutionary war (1787), thousands of black loyalists to the British Monarchy would relocate to Canada, Caribbeans or even London, and eventually, the United Kingdom would establish a settlement in Sierra Leone for their new black immigrants, mainly due to the United Kingdom not wanting them to remain in the U.K. American Revolutionary War
0%
This island, established in 1670, became one of the key-sites for the North American slave-trade Bunce Island
0%
National Animal Chimpanzee
0%
Infamous founder and leader of the Revolutionary United Front (RUF, 1991-2003) who accounted for mass killings and rape Foday Sankoh
0%
In 1462, this Portuguese explorer discovered Sierra Leone and gave it its name Pedro de Sintra
0%
Founding Father Thomas Peters
0%
main Export (goods) Titanium Ore
0%
No matching quizzes found
Score Distribution
Percent of People with Each Score
Percentile by Number Answered
Your Score History
You have not taken this quiz